Growing Cities in Armenia - Statistics

General Stats
  • This quiz has been taken 10 times
  • The average score is 2 of 5
Answer Stats
Population Population Gained City % Correct
1,091,700 31,562 Yerevan
100%
45,000 1,505 Abovyan
25%
20,700 485 Masis
13%
11,800 416 Vedi
13%
12,100 428 Yeghvard
13%
No matching quizzes found
Score Distribution
Percent of People with Each Score
Percentile by Number Answered
Your Score History
You have not taken this quiz